01215nam a22001817a 450000500170000000800410001704000290005804100080008708200120009510000310010724500640013826000460020230000390024850003050028750503760059250600210096865000440098920150824083202.0150805s1924 ck ||||fr|||| 001 0 spa d cSandra YazodSandra Yazo0 aspa04220a58110aRobledo, Emiliod1875-196110aLecciones de botánica médicacpor el Dr. Emilio Robledo aMedellín (Colombia)bImp. Oficialc1924 a396, [1], v páginasc25 x 18 cm. aDetalles físicos: Encuadernación rígida en cartón forrada en papel. Guardas. Portada impresa en una sola tinta. Dedicatoria con un retrato. Texto en una columna. Varias ilustraciones entre el texto. Ejemplar en buen estado de conservación. Fecha de publicación tomada de la introducción0 aDedicatoria ; Introducción ; Botánica general ; Generalidades ; órganos de nutrición ; Anatomía vegetal ; Fisiología vegetal ; Principios de las plantas medicinales ; Botánica especial ; Criptógamas celulares ; Principios de nomenclatura botánica ; Muscíneas y criptógamas vasculares ; Fanerógamas ; Angiospermas ; Dicotiledóneas ; Gamopétalas aConsulta en sala 7aBotánica médica x Libros de texto